Normal view
MARC view
- Z (COMPUTER PROGRAM LANGUAGE)
Entry Topical Term
001 - CONTROL NUMBER
- control field: 67537
003 - CONTROL NUMBER IDENTIFIER
- control field: NUST
005 - DATE AND TIME OF LATEST TRANSACTION
- control field: 20210628203837.0
008 - FIXED-LENGTH DATA ELEMENTS
- fixed length control field: 210628|| aca||aabn | a|a d
040 ## - CATALOGING SOURCE
- Original cataloging agency: NUST
- Transcribing agency: NUST
150 ## - HEADING--TOPICAL TERM
- Topical term or geographic name entry element: Z (COMPUTER PROGRAM LANGUAGE)
670 ## - SOURCE DATA FOUND
- Source citation: Work cat.: (NUST): Dillev, Antoni 67536, Z an introduction to formal methods, 1994
